Statistics for Countries most dependent on tourism

Click here to take the quiz!

General Stats

  • This quiz has been taken 52 times
  • The average score is 13 of 20

Answer Stats

PercentageCountry% Correct
40.3Bahamas
93%
36.2Barbados
91%
62.6St Kitts and Nevis
88%
34.7Jamaica
86%
66.1Maldives
86%
43.0St lucia
86%
38.0Dominica
79%
46.2St Vincent and the Grenadines
79%
40.0Fiji
77%
65.8Seychelles
77%
55.8Grenada
74%
46.7Antigua and Barbuda
67%
46.2Cape Verde
60%
44.7Belize
58%
33.8Iceland
49%
48.2Vanuatu
49%
27.4Sao Tome and Principe
44%
27.0Albania
16%
32.7Cambodia
16%
33.5Georgia
5%

Score Distribution

Percentile by Number Answered

Percent of People with Each Score

Your Score History

You have not taken this quiz